000 01132nam a22002657a 4500
005 20240530110516.0
008 160203s2013 ua g b 000 0 ara d
017 _a2013/9857
_bمصر . دار الكتب المصرية
040 _aEG-CaGPL
082 0 4 _221
_a363.31\
_bأ ر
100 _aرمسيس عوض
245 1 0 _aرواية ( الغداء العارى ) امام المحاكم الامريكية /
_cجيل البيتس ، وليم بوروز ؛ رمسيس عوض
260 _aالقاهرة :
_bمركز القاهرة لدراسات حقوق الانسان ،
_c2013 .
300 _a247 ص ؛
_c24 سم .
490 _aسلسلة حقوق الانسان فى الفنون و الاداب ؛
_v13
504 _aيشتمل على ارجاعات ببليوجرافية
650 0 4 _aالرقابة
650 0 4 _aحرية التعبير
650 0 4 _aالكتب الممنوعة
650 0 4 _aالقصص الادبية
_xرقابة
700 1 _aبوروز ، وليم
_eمؤلف مشارك
700 0 _aرمسيس عوض
_eمترجم
942 _2ddc
_cBK
999 _c61794
_d61794